000 00307nam a22001337a 4500
008 210301b ||||| |||| 00| 0 eng d
020 _a9781581101218
041 _aeng
080 _a616-053.2
100 _a8
101 _aPED
245 _aAdhd -Acomplet and Authoritative Guide
_cAAP
942 _2udc
_cBK
999 _c55406
_d55406